[Event "AUT-ch U12"]
[Site "St Veit"]
[Date "2016.05.14"]
[Round "1"]
[White "Hirzinger, Andreas"]
[Black "Loreth, Thomas"]
[Result "1-0"]
[WhiteElo "1387"]
[BlackElo "1198"]
[PlyCount "37"]
[EventDate "2016.05.14"]
[EventType "swiss"]
[EventRounds "7"]
[EventCountry "AUT"]
[SourceTitle "CBM 172 Extra"]
[Source "ChessBase"]
[SourceDate "2016.06.21"]
[SourceVersion "1"]
[SourceVersionDate "2016.06.21"]
[SourceQuality "1"]

1. e4 c5 2. Nf3 Nc6 3. Bb5 g6 4. 0-0 Bg7 5. Nc3 Qb6 6. Bxc6 bxc6 7. Re1 Nf6 8. h3 0-0 9. d3 Rd8 10. Rb1 d6 11. Bd2 Rb8 12. Ne2 Rb7 13. Bc3 c4 14. Qd2 d5 15. e5 Ne8 16. Ba5 Bh6 17. Qc3 Qc5 18. Bxd8 Ng7 19. d4 1-0